Estatísticas para Participantes de A Fazenda 1

Clique aqui para jogar o quiz

Estatísticas Gerais

  • Esse quiz foi jogado 11 vezes
  • A pontuação média é 10 de 15

Estatísticas das Respostas

ColocaçãoParticipante% Correto
Dado Dolabella
100%
Danielle Souza
89%
Pedro Leonardo
89%
12ºThéo Becker
89%
Carlinhos Silva
78%
Danni Carlos
78%
Luciele Camargo
78%
13ºBabi Xavier
67%
DesistenteBárbara Koboldt
67%
Jonathan Haagensen
67%
10ºMiro Moreira
67%
11ºFábio Arruda
56%
Mirella Santos
56%
Fabiana Alvarez
33%
14ºFranciely Freduzeski
22%

Distribuição das Pontuações

Percentil de Números Respondidos

Porcentagem de Pessoas com Cada Pontuação

Sua Pontuação Histórica

Você não jogou esse quiz